000 00638nam a2200253Ia 4500
003 OSt
005 20221006145134.0
006 a|||||r|||| 00| 0
007 ta
008 221006b |||||||| |||| 00| 0 eng d
020 _c36.00
024 _a13,903
037 _cTextual
040 _aEASL
_cEASL
_beng
041 _2eng
_aeng
082 _aV58,594wN19,1, K6
100 _aPENKOVSKY Oleg
_9596585
245 0 _aPenkovsky papers
260 _aLondon
_bCollins
_c1966
300 _a352p.
_ccm.
490 _v Oth
942 _hV58,594wN19,1, K6
_cTEXL
_2CC
999 _c1081989
_d1081989